The nature of human conflict.

Bibliographic Details
Main Author: McNeil, Elton B.
Corporate Author: University of Michigan. Center for Research on Conflict Resolution
Format: Book
Language:English
Published: [Place of publication not identified] : Prentice-Hall, [1965]
Subjects:

MARC

Tag First Indicator Second Indicator Subfields
LEADER 00000cam a2200000 4500
001 in00000038251
005 20151007080924.0
008 720302s1965 eng u
010 |a  65013635  
035 |a (OCoLC)00254153 
035 |9 AAF5600AM 
040 |c WSU  |d TXA  |d UtOrBLW 
049 |a TXAM  |c [453291] 
050 0 |a HM36.5  |b .M25 
092 |a 301.2  |b M169t, 1965 
100 1 |a McNeil, Elton B. 
245 1 4 |a The nature of human conflict. 
264 1 |a [Place of publication not identified] :  |b Prentice-Hall,  |c [1965] 
300 |a 315 pages 
336 |a text  |b txt  |2 rdacontent 
337 |a unmediated  |b n  |2 rdamedia 
338 |a volume  |b nc  |2 rdacarrier 
504 |a Includes bibliographies. 
650 0 |a War and society. 
710 2 |a University of Michigan.  |b Center for Research on Conflict Resolution. 
999 |a MARS 
999 f f |s b7b299a3-015c-3295-bbf5-62def4559c6c  |i 3001f2a3-3ed5-3506-be85-0357202e151c  |t 0 
952 f f |p ric  |a Texas A&M University  |b Rellis Campus  |c Joint Library Facility  |d Remote Storage  |t 0  |e HM36.5 .M25  |h Library of Congress classification  |i unmediated -- volume  |m A14823574473 
998 f f |a HM36.5 .M25  |t 0  |l Remote Storage